| Tag |
First Indicator |
Second Indicator |
Subfields |
| LEADER |
00000cam a2200000Mi 4500 |
| 001 |
in00003564652 |
| 006 |
m o d |
| 007 |
cr mnu---uuaaa |
| 008 |
130107s1980 xxu o 000 0 eng |
| 005 |
20260422195954.3 |
| 020 |
|
|
|a 9781475717303 (electronic bk.)
|
| 020 |
|
|
|a 147571730X (electronic bk.)
|
| 020 |
|
|
|z 9780387904832
|
| 020 |
|
|
|z 0387904832
|
| 020 |
|
|
|z 147571730X
|
| 035 |
|
|
|a (OCoLC)853261932
|
| 040 |
|
|
|a AU@
|b eng
|c AU@
|d OCLCO
|d GW5XE
|d OCLCF
|d OCLCA
|d UtOrBLW
|
| 049 |
|
|
|a TXAM
|
| 050 |
|
4 |
|a RC841-858.P35
|
| 072 |
|
7 |
|a MJJ
|2 bicssc
|
| 072 |
|
7 |
|a MED031000
|2 bisacsh
|
| 082 |
0 |
4 |
|a 616.36
|2 23
|
| 100 |
1 |
|
|a Sreenivas, V. I.
|
| 245 |
1 |
0 |
|a Acute Disorders of the Abdomen :
|b Diagnosis and Treatment /
|c by V. I. Sreenivas.
|
| 264 |
|
1 |
|a New York, NY :
|b Springer New York,
|c 1980.
|
| 300 |
|
|
|a 1 online resource (xix, 200 pages)
|
| 336 |
|
|
|a text
|b txt
|2 rdacontent
|
| 337 |
|
|
|a computer
|b c
|2 rdamedia
|
| 338 |
|
|
|a online resource
|b cr
|2 rdacarrier
|
| 500 |
|
|
|a Electronic resource.
|
| 650 |
|
0 |
|a Medicine.
|
| 650 |
|
0 |
|a Medical radiology.
|
| 650 |
|
0 |
|a Critical care medicine.
|
| 650 |
|
0 |
|a Gastroenterology.
|
| 650 |
|
0 |
|a Clinical medicine.
|
| 650 |
|
0 |
|a Abdomen
|x Surgery.
|
| 650 |
|
7 |
|a Abdomen
|x Surgery.
|2 fast
|0 (OCoLC)fst00794299
|
| 650 |
|
7 |
|a Clinical medicine.
|2 fast
|0 (OCoLC)fst00864361
|
| 650 |
|
7 |
|a Critical care medicine.
|2 fast
|0 (OCoLC)fst00883647
|
| 650 |
|
7 |
|a Gastroenterology.
|2 fast
|0 (OCoLC)fst00938842
|
| 650 |
|
7 |
|a Medicine.
|2 fast
|0 (OCoLC)fst01014893
|
| 650 |
|
7 |
|a Radiology, Medical.
|2 fast
|0 (OCoLC)fst01088281
|
| 655 |
|
7 |
|a Electronic books.
|2 local
|
| 710 |
2 |
|
|a SpringerLink (Online service)
|
| 776 |
1 |
8 |
|i Print version:
|z 9780387904832
|
| 856 |
4 |
0 |
|u http://proxy.library.tamu.edu/login?url=https://link.springer.com/10.1007/978-1-4757-1730-3
|z Connect to the full text of this electronic book
|t 0
|
| 994 |
|
|
|a 92
|b TXA
|
| 999 |
|
|
|a MARS
|
| 999 |
f |
f |
|s 776479e3-eb30-3905-80bb-6fb4858fe93a
|i acf7f509-fb37-36bc-86ac-d949cfaeb2bd
|t 0
|
| 952 |
f |
f |
|a Texas A&M University
|b College Station
|c Electronic Resources
|s www_evans
|d Available Online
|t 0
|e RC841-858.P35
|h Library of Congress classification
|
| 998 |
f |
f |
|a RC841-858.P35
|t 0
|l Available Online
|